Principles of electric circuits : (Record no. 194715)
[ view plain ]
| 000 -LEADER | |
|---|---|
| fixed length control field | 00966 a2200193 4500 |
| 003 - CONTROL NUMBER IDENTIFIER | |
| control field | Nust |
| 005 - DATE AND TIME OF LATEST TRANSACTION | |
| control field | 20170207154202.0 |
| 020 ## - INTERNATIONAL STANDARD BOOK NUMBER | |
| International Standard Book Number | 0029465710 |
| 040 ## - CATALOGING SOURCE | |
| Transcribing agency | Nust |
| 082 ## - DEWEY DECIMAL CLASSIFICATION NUMBER | |
| Classification number | 621.38132 |
| 100 ## - MAIN ENTRY--PERSONAL NAME | |
| Personal name | Floyd, Thomas L. |
| 245 ## - TITLE STATEMENT | |
| Title | Principles of electric circuits : |
| Remainder of title | conventional current version |
| Statement of responsibility, etc. | Thomas L. Floyd |
| 250 ## - EDITION STATEMENT | |
| Edition statement | 7th.ed |
| 260 ## - PUBLICATION, DISTRIBUTION, ETC. | |
| Place of publication, distribution, etc. | Upper Saddle River, N.J. : |
| Name of publisher, distributor, etc. | Prentice Hall, |
| Date of publication, distribution, etc. | 2003 |
| 300 ## - PHYSICAL DESCRIPTION | |
| Extent | 992 p. |
| 505 ## - FORMATTED CONTENTS NOTE | |
| Formatted contents note | Introduction Page 1, Voltage, Current And Resistance Page 27, Ohm’s Law Page 69, Power And Energy Page 93, Series Resistive Circuits Page 117, Parallel Resistive Circuits Page 173, Series Parallel Circuits Page 225. Circuit Theorems And Conversions Page 277, Branch, Mesh And Node Analysis Page 335, Magnetism And Electromagnetism Page 401, Introduction To AC And Voltage Page 401, Phasors And Complex Numbers Page 449, Capacitors Page 475. |
| 538 ## - SYSTEM DETAILS NOTE | |
| System details note | Almirah no 33 and shelf no 5 |
| 650 ## - SUBJECT ADDED ENTRY--TOPICAL TERM | |
| Topical term or geographic name entry element | Telecommunication Engineering |
| 942 ## - ADDED ENTRY ELEMENTS (KOHA) | |
| Source of classification or shelving scheme | |
| Koha item type | Book |
| Withdrawn status | Lost status | Source of classification or shelving scheme | Damaged status | Not for loan | Collection code | Permanent Location | Current Location | Date acquired | Total Checkouts | Full call number | Barcode | Date last seen | Price effective from | Koha item type |
|---|---|---|---|---|---|---|---|---|---|---|---|---|---|---|
| Military College of Signals (MCS) | Military College of Signals (MCS) | 12/12/2016 | 621.38132 FLO | MCS36287 | 12/08/2016 | 12/12/2016 | Book |
